00615cam a22002053a 450000100060000000300060000600500170001200800410002904000150007004200070008505000070009210000330009924501020013226000290023450600300026351600200029365300250031383000290033885600420036718821PGUSA20140828083411.0060713s2006||||xxu|||||s|||||000 | eng d aPGUSAbeng adc 4aDA1 aEdwards, Eliezer,d1815-189110aPersonal Recollections of Birmingham and Birmingham Menh[electronic resource] /cEliezer Edwards bProject Gutenberg,c2006 aPublic domain in the USA. aElectronic text aBirmingham (England) 0aProject Gutenbergv1882140uhttp://www.gutenberg.org/ebooks/18821